000 00634nam a2200217 4500
001 37425
003 BD-RjUL
005 20211209052616.0
008 150113s1990 ii a|||| |||| 001 0 eng d
035 _a(BD-RjUL)37529
040 _aBD-RjUL
_beng
_cBD-RjUL
_dBD-RjUL
041 _aeng
082 _220
_a574.87322
_bCHR 1990
245 _aChromosome dynamics /
_cEditor, O.P. Mittal.
_nVolume 1.
260 _aChandigarh :
_bO.P. Mittal,
_c1990.
300 _axi, 255 p.:
_billustrations ;
_c26 cm
500 _aIncludes index.
650 _2Chromosomes
_xCongresses.
_9114882
700 _aMittal, O.P.
_9114883
942 _2ddc
_cBK
999 _c37425
_d37425